| Tag |
First Indicator |
Second Indicator |
Subfields |
| LEADER |
00000cam a2200000 a 4500 |
| 001 |
in00001403673 |
| 005 |
20151020053127.0 |
| 008 |
940520m19931995sp b 000 0 spa |
| 010 |
|
|
|a 94161664
|
| 020 |
|
|
|a 8488333013 (obra completa)
|
| 020 |
|
|
|z 84883330201 (t. 1)
|
| 020 |
|
|
|a 8488333048 (t. 2)
|
| 020 |
|
|
|a 8488333072 (t. 3)
|
| 035 |
|
|
|a (OCoLC)30896962
|
| 035 |
|
|
|9 AHM7122AM
|
| 040 |
|
|
|a DLC
|c DLC
|d PL#
|d TXA
|d UtOrBLW
|
| 049 |
|
|
|a TXAM
|
| 050 |
0 |
0 |
|a PQ6322
|b .A1 1993b
|
| 082 |
0 |
0 |
|a 863/.3
|2 20
|
| 100 |
1 |
|
|a Cervantes Saavedra, Miguel de,
|d 1547-1616.
|
| 240 |
1 |
0 |
|a Works.
|f 1993.
|s Centro de Estudios Cervantinos
|
| 245 |
1 |
0 |
|a Obra completa /
|c Miguel de Cervantes Saavedra ; edición de Florencio Sevilla Arroyo y Antonio Rey Hazas.
|
| 264 |
|
1 |
|a Alcalá de Henares [Spain] :
|b Centro de Estudios Cervantinos,
|c 1993-1995.
|
| 300 |
|
|
|a 3 volumes ;
|c 25 cm.
|
| 336 |
|
|
|a text
|b txt
|2 rdacontent
|
| 337 |
|
|
|a unmediated
|b n
|2 rdamedia
|
| 338 |
|
|
|a volume
|b nc
|2 rdacarrier
|
| 504 |
|
|
|a Includes bibliographical references.
|
| 505 |
0 |
|
|a 1. El ingenioso hidalgo don Quijote de la Mancha -- 2. Galatea ; Novelas ejemplares ; Persiles y Sigismunda -- 3. Ocho comedias y ocho entremeses ; El trato de Argel ; La numancia ; Viaje del Parnaso ; Poesías sueltas.
|
| 653 |
|
|
|a Novela española
|a 1500-1700.
|
| 653 |
|
|
|a Poesía española
|a 1500-1700.
|
| 700 |
1 |
|
|a Sevilla Arroyo, Florencio.
|
| 700 |
1 |
|
|a Rey Hazas, Antonio.
|
| 948 |
|
|
|a c:jlg
|
| 999 |
|
|
|a MARS
|
| 999 |
f |
f |
|s a1a0c5fb-74c5-35b0-a0fb-accef8a9f26f
|i d3911849-029b-3958-a59c-eed0bddd1e33
|t 0
|
| 952 |
f |
f |
|p normal
|a Texas A&M University
|b College Station
|c Sterling C. Evans Library
|d Evans: Library Stacks
|t 0
|e PQ6322 .A1 1993b
|h Library of Congress classification
|i unmediated -- volume
|k 1
|m A14823423575
|
| 998 |
f |
f |
|a PQ6322 .A1 1993b
|s 1
|t 0
|l Evans: Library Stacks
|